La Celestina : (Record no. 163875)

MARC details
000 -LEADER
campo de control de longitud fija 01147nam a2200253 i 4500
001 - NÚMERO DE CONTROL
campo de control 163875
003 - IDENTIFICADOR DE NÚMERO DE CONTROL
campo de control ES-MaACL
005 - FECHA Y HORA DE LA ÚLTIMA TRANSACCIÓN
campo de control 20251116063111.0
008 - DATOS DE LONGITUD FIJA--INFORMACIÓN GENERAL
campo de control de longitud fija 960508s1886 sp |||| | spa d
080 ## - NÚMERO DE LA CLASIFICACIÓN DECIMAL UNIVERSAL
Número de la Clasificación Decimal Universal 821.134.2-21"15"
100 1# - ENTRADA PRINCIPAL--NOMBRE DE PERSONA
Nombre de persona Rojas, Fernando de,
Fechas asociadas al nombre ca. 1470-1541
9 (RLIN) 99042
240 13 - TÍTULO UNIFORME
Título uniforme La Celestina
245 13 - MENCIÓN DEL TÍTULO
Título La Celestina :
Resto del título tragi-comedia de Calisto y Melibea : en la cual se contienen demás de su agradable y dulce estilo, muchas sentencias filosofales y avisos muy necesarios para mancebos, mostrándoles los engaños que están encerrados en sirvientes y alcahuetas /
Mención de responsabilidad, etc. Fernando de Rojas ; el primer acto se atribuye a Juan de Mena o a Rodrigo Cota.
260 ## - PUBLICACIÓN, DISTRIBUCIÓN, ETC.
Lugar de publicación, distribución, etc. Barcelona :
Nombre del editor, distribuidor, etc. [s.n.],
Fecha de publicación, distribución, etc. 1886 (
Fabricante Daniel Cortezo y C.ª)
300 ## - DESCRIPCIÓN FÍSICA
Extensión XVIII, 19-288 p. ;
Dimensiones 21 cm.
490 1# - MENCIÓN DE SERIE
Mención de serie Biblioteca clásica española
596 ## - NOTA AL PIE DE IMPRENTA
NOTA AL PIE DE IMPRENTA Marca tip. en verso de port.
597 ## - NOTA DE DESCRIPCIÓN FÍSICA
NOTA DE DESCRIPCIÓN FÍSICA Antep.
700 1# - ENTRADA AGREGADA--NOMBRE PERSONAL
Nombre de persona Mena, Juan de,
Fechas asociadas al nombre 1411-1456
9 (RLIN) 80047
700 1# - ENTRADA AGREGADA--NOMBRE PERSONAL
Nombre de persona Cota, Rodrigo,
Fechas asociadas al nombre ca. 1450-ca. 1504
9 (RLIN) 41158
830 1# - PUNTO DE ACCESO ADICIONAL DE SERIE-TÍTULO UNIFORME
Título uniforme Biblioteca clásica española
9 (RLIN) 182443
852 ## - LOCALIZACIÓN
Ubicación ES-MaACL
Número de control de estantería B-1056
Nota libre - Enc. ed. en tela
Holdings
Estatus retirado Estado de pérdida Estado de daño No para préstamo Colección Biblioteca de origen Biblioteca actual Ubicación en estantería Fecha de adquisición Fuente de adquisición Total de préstamos Signatura topográfica completa Código de barras Visto por última vez Precio de reemplazo Tipo de ítem Koha
        Libros del s. XIX Biblioteca del Ateneo de Madrid Biblioteca del Ateneo de Madrid Sala Pardo Bazán 17/01/2008     B-1056 1171745 23/02/2023 23/02/2023 Libro impreso antiguo